Cartes de Clash Royale - Statistiques

Statistiques générales
  • Ce quiz a été pris 1 929 fois
    813 depuis la dernière actualisation
  • Le résultat moyen est 60 sur 121
Statistiques - réponses
Rareté Élixir Carte % Correct
Commune 3 Chevalier
87%
Commune 1 Esprit de glace
84%
Rare 5 Sorcier
84%
Commune 1 Esprit de feu
83%
Rare 5 Géant
83%
Commune 1 Squelettes
83%
Légendaire 2 La bûche
81%
Légendaire 7 Méga chevalier
79%
Commune 2 Gobelins
78%
Épique 5 Prince
78%
Commune 2 Électrocution
77%
Épique 7 P.E.K.K.A
77%
Épique 8 Golem
76%
Épique 5 Sorcière
76%
Rare 4 Boule de feu
75%
Rare 4 Mini P.E.K.K.A
74%
Légendaire 3 Sorcier de glace
70%
Commune 3 Archères
68%
Légendaire 4 Électro-sorcier
68%
Commune 1 Électro-esprit
67%
Commune 3 Flèches
67%
Commune 5 Barbares
65%
Rare 4 Mousquetaire
64%
Champion 5 Reine des archères
64%
Rare 4 Chevaucheur de cochon
63%
Épique 3 Fût à gobelins
63%
Commune 6 Géant royal
63%
Légendaire 3 Princesse
62%
Commune 4 Tesla
62%
Épique 3 Armée de squelettes
61%
Épique 4 Bébé dragon
61%
Commune 3 Canon
61%
Épique ? Miroir
61%
Rare 5 Tour de l'enfer
61%
Épique 6 Foudre
60%
Champion 4 Roi squelette
60%
Légendaire 3 Mineur
59%
Commune 2 Gobelins à lances
58%
Légendaire 4 Sorcière de la nuit
58%
Légendaire 6 Zappy
58%
Légendaire 4 Bûcheron
57%
Légendaire 4 Dragon de l'enfer
57%
Légendaire 4 Archer magique
56%
Champion 4 Chevalier d'or
56%
Épique 2 Fût à barbare
56%
Champion 3 Petit prince
56%
Épique 4 Prince ténébreux
56%
Épique 2 Rage
56%
Rare 9 Trois mousquetaires
56%
Rare 1 Esprit de guérison
55%
Commune 3 Gargouilles
55%
Rare 6 Roquette
55%
Légendaire 3 Voleuse
55%
Épique 7 Électro-géant
54%
Légendaire 7 Molosse de lave
54%
Épique 5 Ballon
53%
Légendaire 5 Cimetière
53%
Rare 2 Golem de glace
53%
Commune 6 Barbares d'élite
52%
Épique 4 Gel
52%
Rare 5 Cabane de gobelins
51%
Rare 4 Valkyrie
51%
Commune 3 Gang de gobelins
50%
Rare 3 Golem élixir
50%
Rare 6 Cabane de barbares
49%
Champion 6 Cheffe des voleuses
49%
Épique 5 Électro dragon
49%
Épique 6 Arc-X
47%
Rare 3 Gobelin à sarbacane
47%
Champion 5 Moine
47%
Légendaire 4 Mamie sorcière
46%
Épique 4 Poison
46%
Champion 4 Maître mineur
45%
Commune 3 Fût à squelettes
44%
Commune 4 Mortier
44%
Rare 3 Pierre tombale
44%
Rare 5 Cochons royaux
42%
Commune 5 Horde de gargouilles
42%
Épique 3 Clonage
40%
Commune 2 Berserker
39%
Commune 2 Bombardier
39%
Légendaire 5 Cavabélière
39%
Épique 6 Gobelin géant
39%
Rare 3 Méga gargouille
39%
Commune 3 Artificière
38%
Épique 2 Sapeurs
38%
Épique 6 Squelette géant
38%
Commune 2 Chauves-souris
37%
Rare 4 Cage gobeline
36%
Commune 2 Méga boule de neige
36%
Rare 4 Fournaise
35%
Épique 3 Ronces
35%
Légendaire 3 Fantôme royal
34%
Épique 3 Gardes
34%
Épique 2 Malédiction gobeline
34%
Rare 4 Tour à bombes
34%
Épique 4 Géante runique
33%
Épique 3 Néant
33%
Épique 3 Tornade
33%
Commune 7 Recrues royales
32%
Rare 3 Séisme
31%
Épique 5 Bourreau
30%
Commune 3 Colis royal
30%
Légendaire 3 Pêcheur
30%
Épique 5 Bouliste
29%
Champion 5 Gobelinstein
29%
Rare 2 Buisson suspicieux
28%
Commune 4 Dragons squelettes
27%
Commune 5 Fripons
26%
Rare 4 Bélier de combat
25%
Rare 6 Extracteur d'élixir
24%
Légendaire 5 Machine gobeline
24%
Épique 4 Chasseur
23%
Rare 4 Électrocuteurs
23%
Épique 4 Foreuse gobeline
23%
Rare 4 Gobelin explosif
23%
Rare 4 Guérisseuse armée
23%
Rare 4 Machine volante
20%
Légendaire 4 Phénix
20%
Épique 5 Charrette à canon
18%
Légendaire 6 Impératrice spirituelle
18%
Aucun quiz correspondant
Distribution des résultats
% des personnes avec chaque résultat
Percentile par nombre de réponses
Votre historique - résultats
Vous n’avez pas pris ce quiz depuis la dernière actualisation